Dhee Dharti Dee : (Record no. 525301)
[ view plain ]
| 000 -LEADER | |
|---|---|
| fixed length control field | 00516nam a22001697a 4500 |
| 003 - CONTROL NUMBER IDENTIFIER | |
| control field | NUST |
| 038 ## - RECORD CONTENT LICENSOR | |
| Staff Name | waseem |
| 082 ## - DEWEY DECIMAL CLASSIFICATION NUMBER | |
| Classification number | 954.9105092 |
| Author Mark | SIH |
| 100 ## - MAIN ENTRY--PERSONAL NAME | |
| Personal name | Sihal, Qasim |
| 9 (RLIN) | 16035 |
| 245 ## - TITLE STATEMENT | |
| Title | Dhee Dharti Dee : |
| Remainder of title | (Mutarma Benazir Bhutto Saheed) / |
| Statement of responsibility, etc. | Qasim Sihal |
| 260 ## - PUBLICATION, DISTRIBUTION, ETC. | |
| Place of publication, distribution, etc. | Multan : |
| Name of publisher, distributor, etc. | Kitab Nagir, |
| Date of publication, distribution, etc. | 2009. |
| 300 ## - PHYSICAL DESCRIPTION | |
| Extent | 336 p. ; |
| 500 ## - GENERAL NOTE | |
| General note | Hardcover. |
| 880 ## - ALTERNATE GRAPHIC REPRESENTATION | |
| Linkage | 100-01\r |
| Title | قاسم سیال |
| 880 ## - ALTERNATE GRAPHIC REPRESENTATION | |
| Linkage | 245-02\r |
| Title | دِھی دھرتی دِی : |
| b | محترمہ بینظیر بھٹو شہید / |
| 942 ## - ADDED ENTRY ELEMENTS (KOHA) | |
| Source of classification or shelving scheme | |
| Koha item type | Book |
| Withdrawn status | Lost status | Source of classification or shelving scheme | Damaged status | Not for loan | Permanent Location | Current Location | Shelving location | Date acquired | Source of acquisition | Total Checkouts | Full call number | Barcode | Date last seen | Price effective from | Koha item type |
|---|---|---|---|---|---|---|---|---|---|---|---|---|---|---|---|
| Central Library (CL) | Central Library (CL) | Punjabi Literature | 06/30/2019 | CL-E-825 | 954.9105092 SIH | CL-E-825 | 06/30/2019 | 06/30/2019 | Book |
